Perversa y utópica: la muñeca, el maniquí y el robot en el arte del siglo XX

שמור ב:
מידע ביבליוגרפי
מחבר ראשי: Crego, Charo (Author)
פורמט: ספר
שפה:ספרדית
יצא לאור: Madrid Abada Editores 2007
סדרה:Lecturas. Historia del Arte
נושאים:
תגים: הוספת תג
אין תגיות, היה/י הראשונ/ה לתייג את הרשומה!

MARC

LEADER 00000cam a2200000 a 4500
001 UCG9928
003 CL-VaPUC
008 120412e20070000SP |||||||||||||||||spa|d
020 |a 9788496775046 
082 0 4 |a 709.04  |b CRE  |2 21 
100 0 |a Crego, Charo  |e author  |9 561694 
245 1 0 |a Perversa y utópica: la muñeca, el maniquí y el robot en el arte del siglo XX 
300 |a 252 p 
942 |c BK 
945 |d 20120412 00:00:00  |a dcastane 
260 |a Madrid  |b Abada Editores  |c 2007 
650 0 |a Modernismo  |9 267987 
650 0 |a Arte   |y Siglo 20  |9 267709 
650 0 |a Bellas artes  |9 334299 
650 0 |a Surrealismo  |9 265502 
583 |a last modification  |c 20120412 10:24:00  |k Rodrigo Vera 
490 0 |a Lecturas. Historia del Arte 
999 |c 347454  |d 347452 
952 |0 0  |1 0  |4 0  |6 709_040000000000000_CRE_2007  |7 0  |8 R  |9 448791  |a BIBART  |b BIBART  |d 2019-11-22  |i 4858050  |o 709.04 CRE 2007  |p 4858050  |r 2025-03-13  |w 2019-11-22  |y BK_R  |k ART